Normal view
MARC view
- Economic Freedom Network Pakistan
Entry Corporate Name
001 - CONTROL NUMBER
- control field: 81200
003 - CONTROL NUMBER IDENTIFIER
- control field: NUST
005 - DATE AND TIME OF LATEST TRANSACTION
- control field: 20210804120307.0
008 - FIXED-LENGTH DATA ELEMENTS
- fixed length control field: 210804|| aca||aabn | a|a d
040 ## - CATALOGING SOURCE
- Original cataloging agency: NUST
- Transcribing agency: NUST
110 ## - HEADING--CORPORATE NAME
- Corporate name or jurisdiction name as entry element: Economic Freedom Network Pakistan
670 ## - SOURCE DATA FOUND
- Source citation: Work cat.: (NUST)232443: Economic freedom of the world 2013 annual report., 2013
